[Event "CZE-chT2B 1718"]
[Site "Czech Republic"]
[Date "2018.01.28"]
[Round "7.7"]
[White "Koubek, Vaclav"]
[Black "Bretsnajdr, Vladimir"]
[Result "1-0"]
[WhiteElo "2032"]
[BlackElo "2243"]
[PlyCount "69"]
[EventDate "2017.10.15"]
[EventType "team-tourn"]
[EventRounds "11"]
[EventCountry "CZE"]
[SourceTitle "EXT 2022"]
[Source "ChessBase"]
[SourceDate "2021.10.06"]
[SourceVersion "1"]
[SourceVersionDate "2021.10.06"]
[SourceQuality "1"]
[WhiteTeam "Zizkov"]
[BlackTeam "Litomerice"]
[WhiteTeamCountry "CZE"]
[BlackTeamCountry "CZE"]

1. e4 c5 2. Nc3 Nc6 3. g3 g6 4. Bg2 Bg7 5. d3 d6 6. Be3 Rb8 7. Qd2 b5 8. Nf3 Nd4 9. 0-0 e6 10. Nd1 b4 11. c3 bxc3 12. bxc3 Nxf3+ 13. Bxf3 Qa5 14. Bg2 Ne7 15. Bh6 0-0 16. Bxg7 Kxg7 17. Ne3 e5 18. f4 f6 19. Nc4 Qc7 20. Rf2 Be6 21. Ne3 f5 22. Raf1 Qd7 23. d4 cxd4 24. cxd4 exf4 25. Rxf4 fxe4 26. d5 Rxf4 27. Rxf4 Rb1+ 28. Bf1 Bh3 29. Qd4+ Kg8 30. Qf6 Nf5 31. g4 Qb5 32. Qe6+ Kg7 33. gxf5 gxf5 34. Nxf5+ Bxf5 35. Qxf5 1-0

[Event "CZE-chT2B 1718"]
[Site "Czech Republic"]
[Date "2018.01.14"]
[Round "6.6"]
[White "Koubek, Vaclav"]
[Black "Bores, Miroslav"]
[Result "1-0"]
[WhiteElo "2032"]
[BlackElo "2175"]
[PlyCount "67"]
[EventDate "2017.10.15"]
[EventType "team-tourn"]
[EventRounds "11"]
[EventCountry "CZE"]
[SourceTitle "EXT 2022"]
[Source "ChessBase"]
[SourceDate "2021.10.06"]
[SourceVersion "1"]
[SourceVersionDate "2021.10.06"]
[SourceQuality "1"]
[WhiteTeam "Zizkov"]
[BlackTeam "Decin"]
[WhiteTeamCountry "CZE"]
[BlackTeamCountry "CZE"]

1. e4 c5 2. Nc3 Nc6 3. g3 g6 4. Bg2 Bg7 5. d3 d6 6. Be3 Nd4 7. Qd2 e6 8. Nd1 Ne7 9. c3 Ndc6 10. Bh6 Bxh6 11. Qxh6 Ng8 12. Qd2 Nf6 13. Nf3 e5 14. h3 Qe7 15. 0-0 Bd7 16. Nh2 0-0-0 17. b4 Nh5 18. Ne3 f5 19. Nd5 Qg7 20. Qb2 f4 21. g4 Nf6 22. Qa3 h5 23. b5 Nb8 24. Qxa7 Nxd5 25. exd5 hxg4 26. Qb6 Qf6 27. a4 f3 28. a5 Bxb5 29. Qxb5 fxg2 30. Rfb1 Rd7 31. a6 Rxh3 32. a7 Qf5 33. axb8Q+ Kxb8 34. Qa5 1-0

[Event "CZE-chT2B 1718"]
[Site "Czech Republic"]
[Date "2017.11.19"]
[Round "3.7"]
[White "Jenicek, Emil"]
[Black "Koubek, Vaclav"]
[Result "1/2-1/2"]
[WhiteElo "2062"]
[BlackElo "2032"]
[PlyCount "53"]
[EventDate "2017.10.15"]
[EventType "team-tourn"]
[EventRounds "11"]
[EventCountry "CZE"]
[SourceTitle "EXT 2022"]
[Source "ChessBase"]
[SourceDate "2021.10.06"]
[SourceVersion "1"]
[SourceVersionDate "2021.10.06"]
[SourceQuality "1"]
[WhiteTeam "Teplice"]
[BlackTeam "Zizkov"]
[WhiteTeamCountry "CZE"]
[BlackTeamCountry "CZE"]

1. Nf3 Nf6 2. c4 c6 3. Nc3 d5 4. d4 dxc4 5. a4 Bf5 6. e3 e6 7. Bxc4 Bb4 8. 0-0 0-0 9. Bd2 c5 10. Ne2 Bxd2 11. Nxd2 Nc6 12. dxc5 Qe7 13. Rc1 Rad8 14. Qe1 Ne5 15. b4 Qd7 16. Nf3 Nxc4 17. Rxc4 Qxa4 18. Ne5 Rd5 19. Nc3 Qe8 20. f4 Bd3 21. Nxd5 exd5 22. Nxd3 dxc4 23. Ne5 Qe6 24. Qc1 Nd5 25. Qxc4 Nxe3 26. Qxe6 fxe6 27. Rf3 1/2-1/2

[Event "CZE-chT2A 1516"]
[Site "Czech Republic"]
[Date "2015.12.06"]
[Round "4.7"]
[White "Koubek, Vaclav"]
[Black "Bretsnajdr, Vladimir"]
[Result "1/2-1/2"]
[WhiteElo "2025"]
[BlackElo "2263"]
[PlyCount "91"]
[EventDate "2015.10.18"]
[EventType "team-tourn"]
[EventRounds "11"]
[EventCountry "CZE"]
[SourceTitle "EXT 2022"]
[Source "ChessBase"]
[SourceDate "2021.10.06"]
[SourceVersion "1"]
[SourceVersionDate "2021.10.06"]
[SourceQuality "1"]
[WhiteTeam "Praha Dukla"]
[BlackTeam "Unichess III"]
[WhiteTeamCountry "CZE"]
[BlackTeamCountry "CZE"]

1. e4 c5 2. Nc3 Nc6 3. g3 g6 4. Bg2 Bg7 5. d3 d6 6. Be3 Rb8 7. Qd2 b5 8. Nf3 Nd4 9. 0-0 b4 10. Nd1 e5 11. c3 Nxf3+ 12. Bxf3 Qb6 13. Bg2 Ne7 14. c4 0-0 15. Bg5 f6 16. Be3 Be6 17. f4 Qc7 18. h3 f5 19. Nf2 Nc6 20. Rae1 Kh8 21. h4 exf4 22. Bxf4 Nd4 23. exf5 Bxf5 24. Ne4 Rbd8 25. Bg5 Rde8 26. Bh6 Bxe4 27. Bxe4 d5 28. Rxf8+ Rxf8 29. Bf4 Rxf4 30. Qxf4 Qxf4 31. gxf4 dxe4 32. Rxe4 Bf6 33. Re8+ Kg7 34. Ra8 Ne2+ 35. Kf2 Nxf4 36. Rxa7+ Kh6 37. a4 Nxd3+ 38. Ke2 Nxb2 39. a5 Nxc4 40. a6 Nd6 41. Rd7 Nc8 42. Rc7 Nb6 43. a7 c4 44. Rb7 Na8 45. Rb8 Bd4 46. Rxa8 1/2-1/2

[Event "Prague Summer op 1st"]
[Site "Prague"]
[Date "2014.08.12"]
[Round "5"]
[White "Koubek, Vaclav"]
[Black "Kovar, Vojtech"]
[Result "1/2-1/2"]
[WhiteElo "2033"]
[BlackElo "2234"]
[PlyCount "106"]
[EventDate "2014.08.09"]
[EventType "swiss"]
[EventRounds "9"]
[EventCountry "CZE"]
[SourceTitle "CBM 162 Extra"]
[Source "ChessBase"]
[SourceDate "2014.10.17"]
[SourceVersion "1"]
[SourceVersionDate "2014.10.17"]
[SourceQuality "1"]

1. e4 e5 2. Nf3 Nc6 3. Bc4 Nf6 4. d3 Be7 5. c3 0-0 6. 0-0 d6 7. Bb3 h6 8. Nbd2 Nh7 9. Re1 Ng5 10. Nxg5 Bxg5 11. Nf3 Bxc1 12. Rxc1 Kh8 13. d4 Bg4 14. d5 Ne7 15. h3 Bh5 16. Qd3 Bg6 17. Bc2 Ng8 18. b4 f5 19. exf5 Bxf5 20. Qe2 a5 21. Bxf5 Rxf5 22. a3 Qf6 23. Nd2 Qf7 24. c4 axb4 25. axb4 Ra2 26. Ra1 Rb2 27. Reb1 Rxb1+ 28. Rxb1 b5 29. c5 Qxd5 30. Ne4 Rf4 31. Nc3 Qc4 32. Qxc4 Rxc4 33. Nxb5 dxc5 34. Nxc7 Rxb4 35. Rc1 Rb8 36. Rxc5 Rc8 37. Ne6 Rxc5 38. Nxc5 Nf6 39. f3 Kg8 40. Kf2 Kf7 41. Ke3 Ke7 42. g4 h5 43. g5 Nd5+ 44. Ke4 Nf4 45. Kxe5 Nxh3 46. Kf5 Nf2 47. Ne6 h4 48. Nxg7 h3 49. Nh5 h2 50. Ng3 Kf7 51. Kf4 Kg6 52. Ke3 Nh3 53. f4 Nxg5 1/2-1/2

[Event "Prague Holiday M21"]
[Site "Prague"]
[Date "2014.07.30"]
[Round "6"]
[White "Koubek, Vaclav"]
[Black "Scherer, Frank"]
[Result "0-1"]
[WhiteElo "2057"]
[BlackElo "2063"]
[PlyCount "56"]
[EventDate "2014.07.27"]
[EventType "tourn"]
[EventRounds "9"]
[EventCountry "CZE"]
[SourceTitle "EXT 2023"]
[Source "ChessBase"]
[SourceDate "2022.10.05"]
[SourceVersion "1"]
[SourceVersionDate "2022.10.05"]
[SourceQuality "1"]

1. e4 c6 2. d4 d5 3. e5 Bf5 4. Nc3 e6 5. g4 Bg6 6. Nge2 c5 7. Be3 Nc6 8. Nf4 cxd4 9. Nxg6 hxg6 10. Bxd4 a6 11. a3 Nxd4 12. Qxd4 Ne7 13. 0-0-0 Nc6 14. Qd2 b5 15. Qe3 b4 16. Nxd5 exd5 17. e6 Be7 18. exf7+ Kf8 19. Bc4 bxa3 20. Rxd5 axb2+ 21. Kb1 Qc7 22. Qe6 Rd8 23. Rhd1 Rxd5 24. Bxd5 Nd8 25. Qxa6 Rxh2 26. Qxg6 Rh6 27. Qf5 Qa5 28. Ba2 Ra6 0-1

[Event "Prague Holiday K21"]
[Site "Prague"]
[Date "2014.07.30"]
[Round "6"]
[White "Wolf, Ulrich"]
[Black "Koubek, Vaclav"]
[Result "1-0"]
[WhiteElo "2071"]
[BlackElo "2033"]
[PlyCount "79"]
[EventDate "2014.07.27"]
[EventType "tourn"]
[EventRounds "9"]
[EventCountry "CZE"]
[SourceTitle "EXT 2023"]
[Source "ChessBase"]
[SourceDate "2022.10.05"]
[SourceVersion "1"]
[SourceVersionDate "2022.10.05"]
[SourceQuality "1"]

1. Nf3 Nf6 2. c4 g6 3. b3 Bg7 4. Bb2 0-0 5. g3 d6 6. d3 b6 7. Bg2 Bb7 8. 0-0 Nbd7 9. Qc2 e5 10. e4 a5 11. a3 Nc5 12. Nbd2 Nfd7 13. d4 exd4 14. Bxd4 Ne6 15. Bxg7 Kxg7 16. Rad1 Qf6 17. Nb1 Ndc5 18. Nc3 Rfe8 19. Rfe1 Nf8 20. Nd4 Nfe6 21. Nxe6+ Qxe6 22. Nd5 Bxd5 23. cxd5 Qd7 24. Rc1 Re7 25. Re3 f5 26. Qc3+ Kg8 27. e5 Rxe5 28. Rxe5 dxe5 29. b4 axb4 30. axb4 Na4 31. Qxe5 Re8 32. Qxc7 Qxc7 33. Rxc7 Re1+ 34. Bf1 Rd1 35. Kg2 Kf8 36. Bb5 Nb2 37. Rd7 Nd3 38. d6 Nxb4 39. Rd8+ Kf7 40. d7 1-0

[Event "Prague Holiday M21"]
[Site "Prague"]
[Date "2014.07.27"]
[Round "2"]
[White "Koubek, Vaclav"]
[Black "Michalek, Frantisek"]
[Result "1-0"]
[WhiteElo "2057"]
[BlackElo "2058"]
[PlyCount "109"]
[EventDate "2014.07.27"]
[EventType "tourn"]
[EventRounds "9"]
[EventCountry "CZE"]
[SourceTitle "EXT 2023"]
[Source "ChessBase"]
[SourceDate "2022.10.05"]
[SourceVersion "1"]
[SourceVersionDate "2022.10.05"]
[SourceQuality "1"]

1. e4 Nf6 2. Nc3 d5 3. exd5 Nxd5 4. Ne4 Nf6 5. Nxf6+ exf6 6. Nf3 Bd6 7. d4 0-0 8. Be2 c6 9. 0-0 Bg4 10. c3 Nd7 11. h3 Bh5 12. Nh4 Bxe2 13. Qxe2 Re8 14. Qg4 g6 15. Bh6 Bf8 16. Nf5 Bxh6 17. Nxh6+ Kf8 18. Qh4 Kg7 19. Ng4 h5 20. Ne3 Qa5 21. Qg3 Re7 22. d5 Kh7 23. Qd6 Qc5 24. Qxc5 Nxc5 25. Rad1 Kg7 26. Rfe1 Kf8 27. c4 cxd5 28. Nxd5 Rxe1+ 29. Rxe1 Nd3 30. Re2 f5 31. b3 Re8 32. Rd2 Re1+ 33. Kh2 Nc5 34. f3 h4 35. Nc7 a6 36. Rd8+ Kg7 37. Ne8+ Kh6 38. Nd6 Kg7 39. b4 Ne6 40. Rd7 Nf4 41. Rxf7+ Kg8 42. Rxb7 Re2 43. Rb8+ Kg7 44. Re8 Rxg2+ 45. Kh1 Rxa2 46. c5 Ra1+ 47. Kh2 Ra2+ 48. Kg1 Ra1+ 49. Kf2 Nd3+ 50. Ke3 Nxb4 51. Rc8 Kf6 52. c6 Ke7 53. Nc4 Rd1 54. c7 Rd3+ 55. Ke2 1-0

[Event "CZE-chT2C 1314"]
[Site "Czech Republic"]
[Date "2014.01.19"]
[Round "6.4"]
[White "Koubek, Vaclav"]
[Black "Svanda, Pavel"]
[Result "1-0"]
[WhiteElo "2065"]
[BlackElo "2156"]
[PlyCount "87"]
[EventDate "2013.11.03"]
[EventType "team-tourn"]
[EventRounds "11"]
[EventCountry "CZE"]
[SourceTitle "EXT 2015"]
[Source "ChessBase"]
[SourceDate "2014.11.20"]
[SourceVersion "1"]
[SourceVersionDate "2014.11.20"]
[SourceQuality "1"]
[WhiteTeam "Praha Dukla"]
[BlackTeam "Jihlava Gordic"]
[WhiteTeamCountry "CZE"]
[BlackTeamCountry "CZE"]

1. e4 e5 2. Nf3 Qe7 3. Nc3 d6 4. Bc4 c6 5. 0-0 Bg4 6. h3 Bh5 7. Re1 Nf6 8. d4 Qc7 9. g4 Bg6 10. Nh4 Be7 11. Nf5 Bxf5 12. exf5 b5 13. dxe5 dxe5 14. Bb3 b4 15. Nb1 h6 16. Qe2 0-0 17. Nd2 Nbd7 18. Nc4 Rae8 19. Ne3 e4 20. Ng2 Bd6 21. g5 hxg5 22. Bxg5 Be5 23. Rad1 Nh7 24. Bc1 Ndf6 25. Nh4 Kh8 26. Kh1 Bf4 27. Be3 Bxe3 28. Qxe3 Nd5 29. Bxd5 cxd5 30. Rg1 Qe5 31. Rg3 Qf6 32. Rg4 Rc8 33. Rdg1 Qh6 34. Qg3 Nf6 35. Ng6+ fxg6 36. Rxg6 Qh5 37. Rxf6 Rg8 38. Rg6 Qf3+ 39. Qxf3 exf3 40. f6 Rc7 41. h4 Rc4 42. R1g5 Rxh4+ 43. Kg1 Rf4 44. Rh5# 1-0

[Event "CZE-chT2B 1213"]
[Site "Czech Republic"]
[Date "2013.02.03"]
[Round "8.5"]
[White "Safarik, Jakub"]
[Black "Koubek, Vaclav"]
[Result "0-1"]
[WhiteElo "2052"]
[BlackElo "2095"]
[PlyCount "54"]
[EventDate "2012.10.14"]
[EventType "team-tourn"]
[EventRounds "11"]
[EventCountry "CZE"]
[SourceTitle "EXT 2015"]
[Source "ChessBase"]
[SourceDate "2014.11.20"]
[SourceVersion "1"]
[SourceVersionDate "2014.11.20"]
[SourceQuality "1"]
[WhiteTeam "Horice"]
[BlackTeam "Praha Dukla"]
[WhiteTeamCountry "CZE"]
[BlackTeamCountry "CZE"]

1. e4 e5 2. f4 exf4 3. Nf3 g5 4. Bc4 Bg7 5. d4 Nc6 6. c3 d6 7. 0-0 h6 8. g3 Bh3 9. Rf2 Qd7 10. Ne1 Nf6 11. Qf3 0-0-0 12. gxf4 Nxe4 13. Re2 Nf6 14. Rf2 Rde8 15. Ng2 Ne4 16. Rf1 Bg4 17. Qd3 d5 18. Bb5 Nd6 19. Bxc6 Qxc6 20. Be3 Bf5 21. Qe2 Bf6 22. Nd2 Rhg8 23. Qf2 Bh3 24. f5 Nxf5 25. Rae1 Re6 26. Qf3 Bxg2 27. Qxg2 Nxe3 0-1

[Event "CZE-chT2B 1213"]
[Site "Czech Republic"]
[Date "2012.11.18"]
[Round "3.5"]
[White "Vaculik, Martin"]
[Black "Koubek, Vaclav"]
[Result "1/2-1/2"]
[WhiteElo "2277"]
[BlackElo "2095"]
[PlyCount "58"]
[EventDate "2012.10.14"]
[EventType "team-tourn"]
[EventRounds "11"]
[EventCountry "CZE"]
[SourceTitle "EXT 2015"]
[Source "ChessBase"]
[SourceDate "2014.11.20"]
[SourceVersion "1"]
[SourceVersionDate "2014.11.20"]
[SourceQuality "1"]
[WhiteTeam "Turnov Zikuda II"]
[BlackTeam "Praha Dukla"]
[WhiteTeamCountry "CZE"]
[BlackTeamCountry "CZE"]

1. e4 e5 2. Bc4 Nc6 3. Nf3 Bc5 4. 0-0 Nf6 5. d3 d6 6. c3 0-0 7. a4 a6 8. Nbd2 Bb6 9. Ba2 Ne7 10. Nc4 Ba7 11. Bg5 Ng6 12. Nh4 Be6 13. Na5 Bxa2 14. Rxa2 Rb8 15. Nf5 h6 16. Bc1 d5 17. Qf3 c6 18. b4 Nh7 19. Qg3 Qf6 20. h4 Kh8 21. b5 Bb6 22. Nb3 axb5 23. axb5 Ra8 24. Ba3 Rfe8 25. Rfa1 Rad8 26. bxc6 bxc6 27. Nc5 dxe4 28. dxe4 Nf4 29. Nb7 Rd3 1/2-1/2

[Event "CZE-chT2A 1112"]
[Site "Czech Republic"]
[Date "2011.11.20"]
[Round "3"]
[White "Koubek, Vaclav"]
[Black "Simunek, Ales"]
[Result "0-1"]
[WhiteElo "2107"]
[BlackElo "2225"]
[PlyCount "86"]
[EventDate "2011.10.09"]
[EventType "team-tourn"]
[EventRounds "11"]
[EventCountry "CZE"]
[SourceTitle "EXT 2013"]
[Source "ChessBase"]
[SourceDate "2012.11.22"]
[SourceVersion "1"]
[SourceVersionDate "2012.11.22"]
[SourceQuality "1"]
[WhiteTeam "Zizkov"]
[BlackTeam "Plzen Sokol"]
[WhiteTeamCountry "CZE"]
[BlackTeamCountry "CZE"]

1. e4 c5 2. Nc3 Nc6 3. g3 g6 4. Bg2 Bg7 5. d3 d6 6. Be3 Qa5 7. Qd2 Nd4 8. Bxd4 cxd4 9. Nce2 Qb6 10. Nf3 Qxb2 11. 0-0 Qb6 12. c3 dxc3 13. Nxc3 Qa5 14. d4 e6 15. Qd3 a6 16. Rfb1 Ne7 17. Nd2 Qd8 18. Nc4 b5 19. Nxd6+ Qxd6 20. e5 Qb8 21. Bxa8 Qxa8 22. a4 bxa4 23. Nxa4 0-0 24. Nb6 Qc6 25. Nxc8 Rxc8 26. Rxa6 Qc7 27. Qa3 Nf5 28. Ra7 Qc2 29. Rbb7 Qd1+ 30. Kg2 Bf8 31. Qa4 Ne3+ 32. fxe3 Rc2+ 33. Qxc2 Qxc2+ 34. Kg1 Bh6 35. Rxf7 Bxe3+ 36. Kf1 Qd3+ 37. Kg2 Qe2+ 38. Kh3 Qh5+ 39. Kg2 Bxd4 40. Rab7 Qe2+ 41. Kh3 Bxe5 42. Ra7 g5 43. Rab7 Qh5+ 0-1

[Event "CZE-chT2A 1112"]
[Site "Czech Republic"]
[Date "2011.11.06"]
[Round "2"]
[White "Koubek, Vaclav"]
[Black "Vaindl, Jaroslav"]
[Result "1-0"]
[WhiteElo "2107"]
[BlackElo "2133"]
[PlyCount "71"]
[EventDate "2011.10.09"]
[EventType "team-tourn"]
[EventRounds "11"]
[EventCountry "CZE"]
[SourceTitle "EXT 2013"]
[Source "ChessBase"]
[SourceDate "2012.11.22"]
[SourceVersion "1"]
[SourceVersionDate "2012.11.22"]
[SourceQuality "1"]
[WhiteTeam "Zizkov"]
[BlackTeam "Line"]
[WhiteTeamCountry "CZE"]
[BlackTeamCountry "CZE"]

1. e4 e6 2. d4 d5 3. e5 c5 4. c3 Qb6 5. Nf3 Bd7 6. a3 a5 7. Nbd2 cxd4 8. Nxd4 Nc6 9. N2f3 Nge7 10. Bb5 Ng6 11. Nxc6 Qxb5 12. Ncd4 Qc4 13. Qe2 Rc8 14. Qxc4 dxc4 15. 0-0 Bc5 16. Be3 0-0 17. Rfe1 Bxd4 18. cxd4 b5 19. Rec1 Bc6 20. Nd2 Nh4 21. f3 Nf5 22. Kf2 Rfd8 23. a4 bxa4 24. Nxc4 Rb8 25. Rc2 Nxd4 26. Bxd4 Rxd4 27. Nxa5 Bd5 28. Kg3 g5 29. Rac1 Kg7 30. Nc4 Rb3 31. Nd6 h5 32. h3 Kg6 33. Rc8 h4+ 34. Kh2 Rxb2 35. Rg8+ Kh7 36. Rcc8 1-0

[Event "CZE-chT2A 1011"]
[Site "Czech Republic"]
[Date "2011.04.10"]
[Round "11"]
[White "Bujak, Michal"]
[Black "Koubek, Vaclav"]
[Result "1-0"]
[WhiteElo "2201"]
[BlackElo "2085"]
[PlyCount "141"]
[EventDate "2010.10.17"]
[EventType "team-tourn"]
[EventRounds "11"]
[EventCountry "CZE"]
[SourceTitle "EXT 2012"]
[Source "ChessBase"]
[SourceDate "2011.11.24"]
[SourceVersion "1"]
[SourceVersionDate "2011.11.24"]
[SourceQuality "1"]
[WhiteTeam "Line"]
[BlackTeam "Zizkov"]
[WhiteTeamCountry "CZE"]
[BlackTeamCountry "CZE"]

1. e4 e5 2. Nf3 Nc6 3. Bb5 a6 4. Ba4 Nf6 5. d4 exd4 6. 0-0 Be7 7. Re1 0-0 8. e5 Nd5 9. c3 d6 10. Bxc6 bxc6 11. c4 Nb6 12. Nxd4 Bd7 13. exd6 Bxd6 14. b3 c5 15. Nf3 Qf6 16. Qc2 Bf5 17. Qc3 Qg6 18. Nh4 Qh5 19. g3 Rae8 20. Bb2 f6 21. Nd2 Bd7 22. Ne4 Be5 23. Qc1 Bc6 24. Bxe5 Rxe5 25. Nd2 Rfe8 26. Rxe5 Rxe5 27. Qd1 Qe8 28. Nhf3 Re7 29. Qf1 Rd7 30. Re1 Qd8 31. Qe2 Rd6 32. Qe3 Nd7 33. Qe8+ Nf8 34. Qxd8 Rxd8 35. Re3 Kf7 36. Kf1 Ne6 37. Ke1 Nd4 38. Nxd4 cxd4 39. Rd3 f5 40. f3 Bb7 41. b4 Kf6 42. Nb3 Ke5 43. f4+ Kf6 44. Rxd4 Re8+ 45. Kf2 h6 46. Rd7 Be4 47. Nc5 Bb1 48. Rd2 g5 49. a3 gxf4 50. gxf4 h5 51. Rd7 Ba2 52. Rd4 h4 53. Nxa6 Ra8 54. b5 h3 55. Kg3 Rg8+ 56. Kxh3 Bb1 57. Nc5 Re8 58. a4 Be4 59. Nxe4+ fxe4 60. Kg3 e3 61. Rd1 Re4 62. Kf3 Rxc4 63. Ra1 Rb4 64. Kxe3 Kf5 65. a5 Rxf4 66. a6 Re4+ 67. Kd3 Re8 68. a7 Ra8 69. Kd4 Ke6 70. Kc5 Kd7 71. h3 1-0

[Event "CZE-chT2A 1011"]
[Site "Czech Republic"]
[Date "2011.02.06"]
[Round "7"]
[White "Krchnak, Jan"]
[Black "Koubek, Vaclav"]
[Result "1/2-1/2"]
[WhiteElo "1812"]
[BlackElo "2085"]
[PlyCount "55"]
[EventDate "2010.10.17"]
[EventType "team-tourn"]
[EventRounds "11"]
[EventCountry "CZE"]
[SourceTitle "EXT 2012"]
[Source "ChessBase"]
[SourceDate "2011.11.24"]
[SourceVersion "1"]
[SourceVersionDate "2011.11.24"]
[SourceQuality "1"]
[WhiteTeam "Domazlice"]
[BlackTeam "Zizkov"]
[WhiteTeamCountry "CZE"]
[BlackTeamCountry "CZE"]

1. e4 e5 2. Nc3 Nc6 3. f4 d6 4. Nf3 Nf6 5. Bb5 exf4 6. d4 d5 7. e5 Ne4 8. Bxf4 Bb4 9. Qd3 Bf5 10. Qe3 0-0 11. 0-0 f6 12. a3 Ba5 13. Nxe4 dxe4 14. Bxc6 bxc6 15. Nd2 c5 16. dxc5 fxe5 17. Bg5 Bxd2 18. Qxd2 Qxd2 19. Bxd2 e3 20. Bxe3 Bxc2 21. Rac1 Bd3 22. Rxf8+ Rxf8 23. h3 c6 24. Rc3 e4 25. Rb3 Rf1+ 26. Kh2 Re1 27. Bd4 Bb5 28. Re3 1/2-1/2

[Event "CZE-chT2A 1011"]
[Site "Czech Republic"]
[Date "2010.10.17"]
[Round "1"]
[White "Mraz, Miroslav"]
[Black "Koubek, Vaclav"]
[Result "0-1"]
[WhiteElo "2066"]
[BlackElo "2085"]
[PlyCount "80"]
[EventDate "2010.10.17"]
[EventType "team-tourn"]
[EventRounds "11"]
[EventCountry "CZE"]
[SourceTitle "EXT 2012"]
[Source "ChessBase"]
[SourceDate "2011.11.24"]
[SourceVersion "1"]
[SourceVersionDate "2011.11.24"]
[SourceQuality "1"]
[WhiteTeam "Cesky Krumlov"]
[BlackTeam "Zizkov"]
[WhiteTeamCountry "CZE"]
[BlackTeamCountry "CZE"]

1. d4 d5 2. Nf3 Nf6 3. Bg5 e6 4. Nbd2 c5 5. e3 Nc6 6. c3 Be7 7. Bd3 cxd4 8. exd4 0-0 9. 0-0 a6 10. a4 Rb8 11. Qe2 Bd7 12. Bf4 Rc8 13. Ne5 Nxe5 14. dxe5 Ne8 15. Nf3 g6 16. Nd4 Ng7 17. Bh6 Bc5 18. Kh1 Qh4 19. Bxg7 Kxg7 20. f4 Qd8 21. a5 Bxd4 22. cxd4 Qe7 23. Qd2 Bb5 24. Bxb5 axb5 25. h3 Rc4 26. b3 Qb4 27. Qxb4 Rxb4 28. Rfd1 Rc8 29. Rd3 Rc2 30. Kh2 Rb2 31. Ra3 Kh6 32. h4 Re2 33. Rc3 Rxd4 34. Rc7 Rdd2 35. Rxb7 b4 36. Rxb4 Rxg2+ 37. Kh1 Rge2 38. Ra1 Kh5 39. a6 Kg4 40. a7 Kg3 0-1

[Event "CZE-chT2A 0910"]
[Site "Czech Republic"]
[Date "2010.02.28"]
[Round "8.7"]
[White "Koubek, Vaclav"]
[Black "Gschwendtner, Stanislav"]
[Result "1-0"]
[WhiteElo "2071"]
[BlackElo "2086"]
[PlyCount "67"]
[EventDate "2009.10.18"]
[EventType "team-tourn"]
[EventRounds "11"]
[EventCountry "CZE"]
[SourceTitle "EXT 2012"]
[Source "ChessBase"]
[SourceDate "2011.11.24"]
[SourceVersion "1"]
[SourceVersionDate "2011.11.24"]
[SourceQuality "1"]
[WhiteTeam "Zizkov"]
[BlackTeam "Klatovy"]
[WhiteTeamCountry "CZE"]
[BlackTeamCountry "CZE"]

1. e4 c5 2. Nc3 Nc6 3. g3 g6 4. Bg2 Bg7 5. d3 e6 6. Be3 Nd4 7. Qd2 Qa5 8. Nf3 Ne7 9. 0-0 d6 10. Nh4 Bd7 11. Bf4 e5 12. Bh6 Bxh6 13. Qxh6 0-0-0 14. a3 Qc7 15. Qd2 Kb8 16. Nd1 Be6 17. Ne3 d5 18. exd5 Nxd5 19. Rab1 f5 20. Nc4 Nb6 21. Nxb6 Qxb6 22. c4 Qb3 23. Rfe1 Nc6 24. Bxc6 bxc6 25. Rxe5 Rxd3 26. Qf4 g5 27. Qxg5 Rg8 28. Qf6 Bxc4 29. Nxf5 Bd5 30. Ne3 Rd2 31. Nxd5 Rd1+ 32. Rxd1 Qxd1+ 33. Kg2 cxd5 34. Qd6+ 1-0

[Event "CZE-chT2A 0910"]
[Site "Czech Republic"]
[Date "2009.10.18"]
[Round "1.7"]
[White "Beter, Arnost"]
[Black "Koubek, Vaclav"]
[Result "0-1"]
[WhiteElo "1929"]
[BlackElo "2071"]
[PlyCount "77"]
[EventDate "2009.10.18"]
[EventType "team-tourn"]
[EventRounds "11"]
[EventCountry "CZE"]
[SourceTitle "EXT 2012"]
[Source "ChessBase"]
[SourceDate "2011.11.24"]
[SourceVersion "1"]
[SourceVersionDate "2011.11.24"]
[SourceQuality "1"]
[WhiteTeam "Cesky Krumlov"]
[BlackTeam "Zizkov"]
[WhiteTeamCountry "CZE"]
[BlackTeamCountry "CZE"]

1. e4 e5 2. Nf3 Nc6 3. d4 exd4 4. Nxd4 Bc5 5. Be3 Nxd4 6. Bxd4 Bxd4 7. Qxd4 Qf6 8. Qxf6 Nxf6 9. Nc3 0-0 10. Bd3 d6 11. 0-0 Bd7 12. Rfe1 Rfe8 13. f3 Re7 14. Kf2 g5 15. g4 Kg7 16. h3 h5 17. Rh1 h4 18. Bc4 Bc6 19. Rad1 Nd7 20. Bd5 Ne5 21. b3 Ng6 22. Bxc6 bxc6 23. Ne2 Rae8 24. Nd4 Re5 25. Nxc6 Rc5 26. Nd4 Rc3 27. Rd2 Ne5 28. Nf5+ Kf6 29. Ne3 Ke6 30. Rf1 c6 31. Ke2 Ng6 32. Nd1 Nf4+ 33. Ke1 Rc5 34. Rh1 d5 35. Kf2 Kf6 36. exd5 Rxd5 37. Rxd5 Re2+ 38. Kf1 cxd5 39. Kg1 0-1

[Event "CZE-chT2A 0809"]
[Site "Czech Republic"]
[Date "2009.04.05"]
[Round "11.7"]
[White "Koubek, Vaclav"]
[Black "Winkelhoefer, Ladislav"]
[Result "1/2-1/2"]
[WhiteElo "2062"]
[BlackElo "2115"]
[PlyCount "77"]
[EventDate "2008.10.12"]
[EventType "team-tourn"]
[EventRounds "11"]
[EventCountry "CZE"]
[SourceTitle "EXT 2010"]
[Source "ChessBase"]
[SourceDate "2010.11.25"]
[SourceVersion "1"]
[SourceVersionDate "2010.11.25"]
[SourceQuality "1"]
[WhiteTeam "Zizkov"]
[BlackTeam "Plzen Sokol II"]
[WhiteTeamCountry "CZE"]
[BlackTeamCountry "CZE"]

1. e4 c5 2. Nc3 Nc6 3. g3 g6 4. Bg2 Bg7 5. d3 e6 6. Be3 Nd4 7. Nce2 Ne7 8. c3 Nxe2 9. Nxe2 d6 10. 0-0 0-0 11. d4 Qc7 12. Rc1 Rb8 13. Qd2 b6 14. Rfd1 c4 15. b3 b5 16. b4 a5 17. bxa5 Qxa5 18. Bg5 f6 19. Bf4 Rd8 20. Rb1 Ra8 21. Rb2 Ra6 22. Rdb1 Bd7 23. Bh3 d5 24. f3 f5 25. Bg5 Kf7 26. Re1 Re8 27. Nf4 Bf6 28. Bxf6 Kxf6 29. exd5 Nxd5 30. Nxd5+ exd5 31. Rxe8 Bxe8 32. Qh6 Qxc3 33. Qf8+ Bf7 34. Qh8+ Ke7 35. Rf2 Re6 36. g4 Re1+ 37. Bf1 f4 38. g5 Qe3 39. Qf6+ 1/2-1/2